Normal view
MARC view
Entry Personal Name
001 - CONTROL NUMBER
- control field: 1725
003 - CONTROL NUMBER IDENTIFIER
- control field: OSt
005 - DATE AND TIME OF LATEST TRANSACTION
- control field: 20240913105456.0
008 - FIXED-LENGTH DATA ELEMENTS
- fixed length control field: 240913|| aca||aabn | a|a d
040 ## - CATALOGING SOURCE
- Original cataloging agency: OSt
- Transcribing agency: OSt
100 ## - HEADING--PERSONAL NAME
- Personal name: Cannon, Tom,
- Titles and other words associated with a name: B. Sc
670 ## - SOURCE DATA FOUND
- Source citation: Work cat.: (OSt)33018: Cannon, Tom, B. Sc., Corporate responsibility :, 2012.